Вып. 27; Физика и техника высоких давлений

Библиографические подробности
Источник:Физика и техника высоких давлений: республиканский межведомственный сборник научных трудов/ Академия наук Украинской ССР, Донецкий физико-технический институт. Вып. 27.— , 1980-1990
Другие авторы: Ковтун Н. М. (редактор)
Язык:русский
Опубликовано: 1988
Предметы:
Формат: Книга
Запись в KOHA:https://koha.lib.tpu.ru/cgi-bin/koha/opac-detail.pl?biblionumber=262746

MARC

LEADER 00000nam2a2200000 4500
001 262746
005 20231101233700.0
035 |a (RuTPU)RU\TPU\book\285729 
035 |a RU\TPU\book\271814 
090 |a 262746 
100 |a 20140603d1988 k y0rusy5003 ca 
101 0 |a rus 
102 |a UA 
105 |a a z 001zy 
200 0 |a Вып. 27  |f отв. ред. Н. М. Ковтун 
210 |d 1988 
215 |a 92 с.  |c ил. 
320 |a Библиогр. в конце статей 
461 1 |0 (RuTPU)RU\TPU\book\129633  |t Физика и техника высоких давлений  |o республиканский межведомственный сборник научных трудов  |f Академия наук Украинской ССР, Донецкий физико-технический институт  |v Вып. 27  |d 1980-1990 
606 1 |a Давления высокие  |x (физика)  |2 stltpush  |3 (RuTPU)RU\TPU\subj\4802  |9 33017 
610 1 |a высокое давление 
610 1 |a полупроводники 
610 1 |a спектроскопия 
610 1 |a деформированное состояние 
610 1 |a материалы 
610 1 |a свойства 
610 1 |a оптическая спектроскопия 
610 1 |a конденсированные среды 
610 1 |a статическое сжатие 
610 1 |a динамическое сжатие 
610 1 |a кристаллические вещества 
610 1 |a оптические свойства 
610 1 |a кинетические свойства 
610 1 |a обработка материалов 
675 |a 539.89  |v 3 
702 1 |a Ковтун  |b Н. М.  |4 340 
801 0 |a RU  |b 63413507  |c 19950417  |g psbo 
801 1 |a RU  |b 63413507  |c 20070730  |g PSBO 
801 2 |a RU  |b 63413507  |c 20160121  |g PSBO 
942 |c BK